MARC

LEADER 00000nam0a2200000 4500
001 299740
005 20231102001231.0
020 |a RU  |b 82-60405ж 
035 |a (RuTPU)RU\TPU\book\324892 
090 |a 299740 
100 |a 20150702a1982 km y0rusy5003 ca 
101 0 |a rus 
102 |a RU 
105 |a a z 001zy 
200 1 |a Полевые шпаты под давлением воды и двуокиси углерода  |f Г. Ю. Шведенков, С. В. Шведенкова  |g Академия наук СССР (АН СССР), Сибирское отделение (СО), Институт геологии и геофизики (ИГиГ) ; под ред.Д. В. Калинина 
210 |a Новосибирск  |c Наука  |d 1982 
215 |a 166 с.  |c ил. 
225 1 |a Труды института геологии и геофизики СО АН СССР  |v Вып. 522 
320 |a Библиогр.: с. 148-165 
606 1 |a Полевой шпат  |x Минералогия  |2 stltpush  |3 (RuTPU)RU\TPU\subj\72329  |9 85890 
606 1 |a Полевые шпаты  |x Месторождения  |2 stltpush  |3 (RuTPU)RU\TPU\subj\50058  |9 68815 
610 1 |a происхождение 
610 1 |a минералогия экспериментальная 
610 1 |a вода 
610 1 |a двуокись углерода 
610 1 |a давление 
610 1 |a равновесие 
610 1 |a алюмосиликаты 
610 1 |a анализ 
610 1 |a кинетические особенности 
610 1 |a кристаллические решетки 
675 |a 549.65  |z rus  |v 3 
675 |a 553.613  |z rus  |v 3 
700 1 |a Шведенков  |b Г. Ю.  |g Геннадий Юрьевич  |4 070 
701 1 |a Шведенкова  |b С. В.  |g Светлана Викторовна  |4 070 
702 1 |a Калинин  |b Д. В.  |g Дмитрий Валентинович  |4 340 
712 0 2 |a Академия наук СССР (АН СССР)  |b Сибирское отделение (СО)  |b Институт геологии и геофизики (ИГиГ)  |c (Новосибирск)  |2 stltpush  |3 (RuTPU)RU\TPU\col\128 
801 0 |a RU  |b RuMRKP  |c 19950704  |g psbo 
801 1 |a RU  |b 63413507  |c 20150702 
801 2 |a RU  |b 63413507  |c 20180608  |g RCR 
942 |c BK